000
00251nam a2200097Ia 4500
001
726869
005
20250826163437.0
008
250824s9999 xx 000 0 und d
245
0
_a
AK TOPRAKLAR
_c
EMİNE IŞINSU
260
_b
BİLGE KÜLTÜR SANAT YAYINLARI
999
_c
726869
_d
726869